Statistics for Europe City Decoder

Click here to take the quiz!

General Stats

  • This quiz has been taken 153 times
  • The average score is 30 of 72

Answer Stats

Hint Answer % Correct
Athens
93%
Paris
91%
Barcelona
91%
Rome
85%
Moscow
84%
Vienna
84%
Dublin
84%
Berlin
83%
OWas held here in 1992Olympic Summer Games
81%
SCitys riverSeine
79%
Zurich
79%
IThe Emerald IsleIreland
79%
ACountry of Freud and MozartAustria
76%
LFootballer MessiLionel
76%
BGuinness or Murphy'sBeer
76%
AGreek goddess of wisdomAthena
73%
SClassical Greek philosopherSocrates
73%
RStarted with the Storming of the BastilleRevolution
72%
CAutonomous community in northeast SpainCatalonia
64%
TWhat the Parthenon isTemple
64%
RLegendary twin brother who founded the city 753 BCRomulus and Remus
64%
Brussels
62%
AA small principality close to this cityAndorra
56%
EDe facto capital of the ....European Union
56%
NFootball Stadium (Camp ...)Nou
53%
EAlso known as DDREast Germany
51%
RBuilding that burned in 1933Reichstag
50%
BKingdom in EuropeBelgium
50%
MIl DuceMussolini
48%
UOne of the four provinces of 5)Ulster
48%
IOne of the most famous Kennedy quotationsIch bin ein Berliner
48%
PWhere the French president live (Élysée ...)Palace
46%
AThe city is divides into 20 of theseArrondissements
45%
HOfficial name of GreeceHellenic Republic
44%
CSaint Basil's or Christ the SaviorCathedral
42%
MHow a person from this city is calledMuscovite
41%
NOther city with a terrorist truck attackNice
39%
AArchitect GaudíAntoni
36%
LHow the Netherlands and 1) are calledLow Countries
36%
Rschism from the Roman Catholic Church initiated by Martin LutherReformation
32%
Ra well-known streetRamblas
32%
IMost populous French regionÎle-de-France
30%
HLatin name of SwitzerlandHelvetia
29%
LFamous boulevard "Unter den ....."Linden
28%
NThe Congress of (city) was used to decide about the political situation after the defeat of ...Napoleon
26%
EReal name of "Sisi" or "Sissi"Elisabeth
23%
OAdministrative division of some East Europe countriesOblast
23%
BSymbol of European unity and peaceBrandenburg Gate
18%
UA famous bankUBS
17%
LCitys RiverLiffey
16%
W"I follow the Moskva, down to Gorky Park, listening to the...."Wind of Change
14%
EThe airportEl Prat
13%
BMost famous beach of the cityBarceloneta
12%
EEmpire to which the city belonged from 553-754East Roman Empire
11%
UULB and VUBUniversities
9%
CAnother bankCredit Suisse
8%
IIIHFInternational Ice Hockey Federation
8%
VNew-elected Austrian Presidentvan der Bellen
6%
ZLeader of the 3) in SwitzerlandZwingli
4%
IKaiserliche Schatzkammer, in English (located at the Hofburg Palace)Imperial Treasury
4%
SCitys river (in French)Senne
3%
NOther word for "The Troubles"Northern Ireland conflict
3%
SLower house of the Russian legislatureState Duma
3%
EGreek temple dedicated to 1) and PoseidonErechtheion
3%
RSt. Marys .... ChurchRoyal
2%
SFamous cathedralSt. Michael and St. Gudula
2%
OTallest free-standing structure in EuropeOstankino
2%
NWhere the "Venus of Willendorf" now isNaturhistorisches Museum
1%
SImportant conference for physiciansSolvay Conference
1%
DA quarter of the cityDocklands
1%
Nhouses some of the most important artifacts from a variety of archaeological locations around GreeceNational Archaeological Museum
1%

Score Distribution

Percentile by Number Answered

Percent of People with Each Score

Your Score History

You have not taken this quiz